| 000 | 003450000a22000970004500 | ||
|---|---|---|---|
| 100 | 1 | _aRodríguez, Javier | |
| 245 | 1 | 0 | _aEl grito silencioso : Colombia mantiene firme su posición contra el aborto pero las cifras confirman que es de práctica común |
| 300 | _aVol. 64, Num. 64 (Agosto, 1994), Páginas 34-35 | ||
| 773 | 0 | _tCambio 16 | |
| 942 | _cANA | ||
| 999 |
_c58587 _d58587 |
||